| 000 | 00705nam a2200193 4500 | ||
|---|---|---|---|
| 005 | 20230904114109.0 | ||
| 010 | _aENG-137955-67 | ||
| 020 |
_a9789395548601 _c200.00 |
||
| 035 | _aEN-121487-99 | ||
| 037 | _bDBAD/PUB | ||
| 082 | _a000 | ||
| 245 |
_aNext IAS Current Affairs: _bFor UPSC Cilvil Services Examination/ _cChief Edited By B.Singh |
||
| 260 |
_aNew Delhi _bMade Easy Publications _cJuly 2023 |
||
| 270 |
_a44-A/4, Kalu Sarai _bNew Delhi _e110016 _mInfomep@madeeasy.in _k45124660, 8860378007 |
||
| 300 |
_a111p. _c27cm(pbk) |
||
| 500 | _aINDIA USA Relations (Artemis Accords, Critical Minerals , Jet Engine Deal) | ||
| 700 |
_aSingh,B _955810 |
||
| 942 |
_2ddc _cEN _mNEX _h000 |
||
| 999 |
_c197778 _d197778 |
||